A Study on Possibility for climate-resilient urban planning in chbar morn municipality, kompong speu Province, សិក្សាអំពីលទ្ធភាពនៃការរៀបចំទីក្រុង ដើម្បីឳ្យមានភាពធន់នឹងការប្រែប្រួលអាកាសធាតុក្នុងក្រុងច្បារមន ខេត្តកំពង់ស្ពឺ (Record no. 25169)

000 -LEADER
fixed length control field 00817nam a22001337a 4500
040 ## - CATALOGING SOURCE
Transcribing agency RUA
082 ## - DEWEY DECIMAL CLASSIFICATION NUMBER
Classification number LMA OEN 2024 B640 Or.1
100 ## - MAIN ENTRY--AUTHOR NAME
Personal name OENG EAVHONG, អ៊ឹង អៀវហុង
245 ## - TITLE STATEMENT
Title A Study on Possibility for climate-resilient urban planning in chbar morn municipality, kompong speu Province, សិក្សាអំពីលទ្ធភាពនៃការរៀបចំទីក្រុង ដើម្បីឳ្យមានភាពធន់នឹងការប្រែប្រួលអាកាសធាតុក្នុងក្រុងច្បារមន ខេត្តកំពង់ស្ពឺ
260 ## - PUBLICATION, DISTRIBUTION, ETC. (IMPRINT)
Place of publication PHNOM PENH
Name of publisher RUA
Year of publication 2024
300 ## - PHYSICAL DESCRIPTION
Number of Pages ix,
Other physical details ill,
Dimensions 29cm,
856 ## - ELECTRONIC LOCATION AND ACCESS
Uniform Resource Identifier https://drive.google.com/file/d/19BCUu_rZ7rKmS64dJHEC5W8xpJ-wlvxo/view?usp=sharing
942 ## - ADDED ENTRY ELEMENTS (KOHA)
Koha item type LMA
952 ## - LOCATION AND ITEM INFORMATION (KOHA)
Withdrawn status [LOCAL, KOHA] 0
952 ## - LOCATION AND ITEM INFORMATION (KOHA)
Withdrawn status [LOCAL, KOHA] 0
Holdings
Permanent Location Date acquired Koha item type Lost status Shelving location Barcode Current Location Full call number
Library Block B2025-06-04LMA B640A084364Library Block BLMA OEN 2024 B640 Or.1
Library Block B2025-06-04LMA B640A084151Library Block BLMA OEN 2024 B640 Or.2
មជ្ឈមណ្ឌលឯការនៃសាកលវិទ្យាល័យភូមិន្ទកសិកម្មចំការដូង

Powered by Koha